La paz se acerca en Guatemala /

Uloženo v:
Podrobná bibliografie
Hlavní autor: Roos, Yazmín
Médium: Text
Tagy: Přidat tag
Žádné tagy, Buďte první, kdo vytvoří štítek k tomuto záznamu!

MARC

LEADER 00000 a a2200000 04500
001 1442
003
040
100 |a Roos, Yazmín  
245 |a La paz se acerca en Guatemala /  |c Yazmín Roos 
773 |g número 83; páginas 27-28  
999 |c 22635  |d 22635